Bahnen Monheim 777 - Statistiken

Allgemein
  • Dieses Quiz wurde 2 mal gespielt
  • Das Durchschnittsergebnis liegt bei 5 aus 48
Antwortstatistiken
Bildquiz Antwort % Korrekt
Marktplatz
100%
Beethovenstraße
50%
Berghausen S
50%
Carl-Leverkus-Straße
50%
Götsche
50%
Holzweg
50%
Monheim Mitte
50%
Stadtgalerie
50%
Alte Synagoge
0%
Am Grafacker
0%
Auf dem Sändchen
0%
Berghausen Mitte
0%
Bogenstraße
0%
Düsseldorfer Straße
0%
Eichenfeldstraße
0%
Ernst-Tellering-Straße
0%
Finkenweg
0%
Freiherr-vom-Stein-Straße
0%
Fröbelstraße
0%
Gladbacher Straße
0%
Grazer Straße
0%
Händelweg
0%
Hasenstraße
0%
Hegelstraße
0%
Hegelstraße
0%
Heidehof
0%
Helmholtzstraße
0%
Hinter den Gärten
0%
Immigrather Platz
0%
Kirchstraße
0%
Klagenfurter Straße
0%
Kurfürstenweg
0%
Langforter Straße
0%
Lindenstraße
0%
Lise-Meitner-Straße
0%
Ludwig-Richter-Weg
0%
Max-Planck-Ring
0%
Niederstraße
0%
Nordstraße
0%
Otto-Hahn-Straße
0%
Robert-Bosch-Straße
0%
Schlegelstraße
0%
Schneiderstraße
0%
Siedlerstraße
0%
Sportanlage Berghausen
0%
Stadtbad
0%
Wasserski
0%
Weißenstein
0%
Keine übereinstimmenden Quizze gefunden
Verteilung der Resultate
Anzahl Personen mit jedem Resultat
Perzentil nach korrekt beantworteten Fragen
Ihre Resultats-Entwicklung
Sie haben dieses Quiz noch nicht gespielt